书目信息 |
| 题名: |
恩格斯传
|
|
| 作者: | 格姆科夫 著 ;易廷镇 , 侯焕良 译 | |
| 分册: | ||
| 出版信息: | 北京 生活·读书·新知三联书店 1980.01 |
|
| 页数: | 591页 | |
| 开本: | 20cm | |
| 丛书名: | ||
| 单 册: | ||
| 中图分类: | A721 | |
| 科图分类: | ||
| 主题词: | 恩格斯,F.--传记 | |
| 电子资源: | ||
| ISBN: | ||
| 000 | 00663nam0 2200217 45 | |
| 001 | 0181023682 | |
| 005 | 20060813165235.70 | |
| 010 | @dCNY1.65 | |
| 091 | @a11002.470 | |
| 100 | @a20810111d km y0chiy0120 ea | |
| 101 | 0 | @achi@cger |
| 200 | 1 | @a恩格斯传@AEN GE SI CHUAN@f(德)海因里希·格姆科夫等著@F(De)Hai Yin Li Xi·Ge Mu Ke Fu Deng Zhu@g易廷镇,侯焕良译 |
| 210 | @a北京@c生活·读书·新知三联书店@d1980.01 | |
| 215 | @a591页@c照片@d20cm | |
| 606 | 0 | @a恩格斯,F.@x传记 |
| 690 | @aA721@v3 | |
| 701 | 0 | @a格姆科夫@4著 |
| 702 | 0 | @a易廷镇@AYi Ting Zhen@4译 |
| 702 | 0 | @a侯焕良@AHou Huan Liang@4译 |
| 801 | @aCN@bTSTC@c20060813 | |
| 905 | @dA721@e12@f1@b79645 | |
| 恩格斯传/(德)海因里希·格姆科夫等著/易廷镇,侯焕良译.-北京:生活·读书·新知三联书店,1980.01 |
| 591页:照片;20cm |
| ISBN :CNY1.65 |
| ● |
| 相关链接 |
|
|
|
|
正题名:恩格斯传
索取号:A721/12
 
预约/预借
| 序号 | 登录号 | 条形码 | 馆藏地/架位号 | 状态 | 备注 |
| 1 | 0000951 | 000953999 | 第一借阅区/ [索取号:A721/12] | 在馆 | |
| 2 | 0065707 | 001916760 | 密集书库/ [索取号:A721/12] | 在馆 | |
| 3 | 0065708 | 000953953 | 第一借阅区/ [索取号:A721/12] | 在馆 | |
| 4 | 0065709 | 001625254 | 密集书库/ [索取号:A721/12] | 在馆 | |
| 5 | 0065710 | 001878631 | 密集书库/ [索取号:A721/12] | 在馆 | |
| 6 | 0065711 | 001855095 | 密集书库/ [索取号:A721/12] | 在馆 | |
| 7 | 0065712 | 000954060 | 第一借阅区/ [索取号:A721/12] | 在馆 | |
| 8 | 0079644 | 001860472 | 密集书库/ [索取号:A721/12] | 在馆 | |
| 9 | 0079645 | 000954024 | 第一样本阅览室/ [索取号:A721/12] | 在馆 | |
| 10 | 0449028 | 204490283 | 密集书库/ [索取号:A721/12] | 在馆 | |
| 11 | 0449029 | 204490292 | 密集书库/ [索取号:A721/12] | 在馆 | |
| 12 | 0449030 | 204490309 | 密集书库/ [索取号:A721/12] | 在馆 | |
| 13 | 0449031 | 204490318 | 密集书库/ [索取号:A721/12] | 在馆 | |
| 14 | 0449032 | 204490327 | 密集书库/ [索取号:A721/12] | 在馆 | |
| 15 | 0449117 | 204491175 | 密集书库/ [索取号:A721/12] | 在馆 | |
| 16 | 0449118 | 204491184 | 密集书库/ [索取号:A721/12] | 在馆 | |
| 17 | 0459204 | 204592048 | 密集书库/ [索取号:A721/12] | 在馆 | |
| 18 | 0459205 | 204592057 | 密集书库/ [索取号:A721/12] | 在馆 | |
| 19 | 0459206 | 204592066 | 密集书库/ [索取号:A721/12] | 在馆 | |
| 20 | 0459207 | 204592075 | 密集书库/ [索取号:A721/12] | 在馆 | |
| 21 | 0459501 | 204595018 | 密集书库/ [索取号:A721/12] | 在馆 |